| 000 | 00671nam a2200205Ia 4500 | ||
|---|---|---|---|
| 003 | GCL | ||
| 008 | 140319s9999 xx 000 0 ara d | ||
| 020 | _a*141201977 | ||
| 040 |
_aGCL / _cGCL |
||
| 082 | 0 | 4 |
_a001.5 _bس ب |
| 100 | 1 | _aسهير جاد | |
| 245 | 1 | 0 |
_aالبرامج التليفزيونية والاعلام الثقافى / _cسهير جاد |
| 260 |
_aالقاهرة : _bالهيئة المصرية العامة للكتاب ، _c1987 |
||
| 300 |
_a253 ص ؛ _c25 سم |
||
| 650 | 0 | 4 | _aالاعلام |
| 650 | 0 | 4 | _aوسائل الاعلام |
| 650 | 0 | 4 | _aوسائل الاتصال |
| 650 | 0 | 4 | _aالتليفزيون - برامج |
| 942 |
_2ddc _cBK |
||
| 999 |
_c7329 _d7329 |
||